Malayala Sailee Nighantu (Record no. 10837)
[ view plain ]
| 000 -LEADER | |
|---|---|
| fixed length control field | 00390nam a2200133Ia 4500 |
| 008 - FIXED-LENGTH DATA ELEMENTS--GENERAL INFORMATION | |
| fixed length control field | 211109s9999||||xx |||||||||||||| ||und|| |
| 082 ## - DEWEY DECIMAL CLASSIFICATION NUMBER | |
| Classification number | 494.81203 |
| Item number | RAM-M |
| 100 ## - MAIN ENTRY--PERSONAL NAME | |
| Personal name | Ramalingam Pillai, T |
| 245 #0 - TITLE STATEMENT | |
| Title | Malayala Sailee Nighantu |
| 260 ## - PUBLICATION, DISTRIBUTION, ETC. | |
| Name of publisher, distributor, etc. | DC Books |
| Place of publication, distribution, etc. | Kottayam |
| Date of publication, distribution, etc. | 2000 |
| 630 ## - SUBJECT ADDED ENTRY--UNIFORM TITLE | |
| General subdivision | POST GRADUATE REFERENCE |
| 650 ## - SUBJECT ADDED ENTRY--TOPICAL TERM | |
| Topical term or geographic name entry element | English Language |
| 942 ## - ADDED ENTRY ELEMENTS (KOHA) | |
| Koha item type | BOOK |
| 650 ## - SUBJECT ADDED ENTRY--TOPICAL TERM | |
| Form subdivision | India/ KeralaDictionary |
| General subdivision | Malayalam |
| Withdrawn status | Lost status | Damaged status | Not for loan | Home library | Current library | Date acquired | Cost, normal purchase price | Total Checkouts | Full call number | Barcode | Shelving location | Date last seen | Price effective from | Koha item type |
|---|---|---|---|---|---|---|---|---|---|---|---|---|---|---|
| SB LIBRARY | SB LIBRARY | 09/11/2021 | 225.00 | 494.81203 RAM-M | 00011389 | POST GRADUATE REFERENCE | 09/11/2021 | 09/11/2021 | BOOK |